<?xml version="1.0" encoding="UTF-8"?><?xml-stylesheet type="text/xsl" href="static/style.xsl"?><OAI-PMH xmlns="http://www.openarchives.org/OAI/2.0/" xmlns:xsi="http://www.w3.org/2001/XMLSchema-instance" xsi:schemaLocation="http://www.openarchives.org/OAI/2.0/ http://www.openarchives.org/OAI/2.0/OAI-PMH.xsd"><responseDate>2026-04-17T11:41:22Z</responseDate><request verb="GetRecord" identifier="oai:www.recercat.cat:10230/59462" metadataPrefix="marc">https://recercat.cat/oai/request</request><GetRecord><record><header><identifier>oai:recercat.cat:10230/59462</identifier><datestamp>2025-12-24T09:02:02Z</datestamp><setSpec>com_2072_6</setSpec><setSpec>col_2072_452952</setSpec></header><metadata><record xmlns="http://www.loc.gov/MARC21/slim" xmlns:dcterms="http://purl.org/dc/terms/" xmlns:xsi="http://www.w3.org/2001/XMLSchema-instance" xmlns:doc="http://www.lyncode.com/xoai" xsi:schemaLocation="http://www.loc.gov/MARC21/slim http://www.loc.gov/standards/marcxml/schema/MARC21slim.xsd">
   <leader>00925njm 22002777a 4500</leader>
   <datafield ind2=" " ind1=" " tag="042">
      <subfield code="a">dc</subfield>
   </datafield>
   <datafield ind2=" " ind1=" " tag="720">
      <subfield code="a">Verge Mestre, Tània</subfield>
      <subfield code="e">author</subfield>
   </datafield>
   <datafield ind2=" " ind1=" " tag="260">
      <subfield code="c">2024-03-19T07:22:13Z</subfield>
   </datafield>
   <datafield ind2=" " ind1=" " tag="260">
      <subfield code="c">2024-03-19T07:22:13Z</subfield>
   </datafield>
   <datafield ind2=" " ind1=" " tag="260">
      <subfield code="c">2024</subfield>
   </datafield>
   <datafield ind2=" " ind1=" " tag="520">
      <subfield code="a">El presente artículo realiza un análisis en profundidad de la respuesta de las tres formaciones políticas de ámbito estatal (Partido Socialista, Partido Popular e Izquierda Unida) a la reivindicación de una presencia equilibrada de mujeres y hombres en los puestos de responsabilidad política; una demanda que atañe a los partidos en tanto que entre sus funciones operativas se encuentra el reclutamiento de las elites políticas, y es esta selección de candidatos la que determina finalmente la configuración de las instituciones políticas. En concreto, analiza las estrategias implementadas por los tres partidos en el periodo democrático iniciado en 1978 y estudia su efecto sobre la presencia de las mujeres en los cargos de máxima responsabilidad orgánica y en las instituciones representativas. Se constata que el incremento en la representación femenina se ha producido tanto por cuestiones ambientales (la competición electoral entre los partidos, la lucha por el voto femenino, etc.) como por cuestiones internas, como la ideología política del partido, la constitución de &amp;apos;lobbies&amp;apos; de militantes feministas en los partidos y la introducción de cuotas.</subfield>
   </datafield>
   <datafield tag="653" ind2=" " ind1=" ">
      <subfield code="a">Partidos políticos</subfield>
   </datafield>
   <datafield tag="653" ind2=" " ind1=" ">
      <subfield code="a">Representación política</subfield>
   </datafield>
   <datafield tag="653" ind2=" " ind1=" ">
      <subfield code="a">Discriminación positiva</subfield>
   </datafield>
   <datafield tag="653" ind2=" " ind1=" ">
      <subfield code="a">Cuota</subfield>
   </datafield>
   <datafield ind2="0" ind1="0" tag="245">
      <subfield code="a">Mujer y partidos políticos en España las estrategias de los partidos y su impacto institucional, 1978-2004</subfield>
   </datafield>
</record></metadata></record></GetRecord></OAI-PMH>